000
00343nam a2200145Ia 4500
008
150301s2015 xx 000 0 und d
082
_a
610.7368
_b
S15S
100
_a
SADOCK, BENJAMIN J.
245
_a
SYNOPSISOF PSYCHIATRY
250
_a
11TH
260
_b
WOLTER KLUWER
_c
2015
300
_a
1472
650
_a
PSYCHIATRY
942
_2
ddc
_c
BK
_0
2
999
_c
6781
_d
6781